Statistics for Countries That End With The Letter S

Click here to take the quiz!

General Stats

  • This quiz has been taken 37 times
    (27 since last reset)
  • The average score is 15 of 17

Answer Stats

HintAnswer% Correct
North AmericaBahamas
100%
North AmericaSaint Kitts and Nevis
100%
North AmericaSaint Vincent and the Grenadines
100%
North AmericaHonduras
96%
North AmericaBarbados
92%
EuropeBelarus
92%
AsiaLaos
92%
OceaniaMarshall Islands
92%
OceaniaSolomon Islands
92%
AfricaComoros
88%
AsiaPhilippines
88%
AfricaSeychelles
88%
AfricaMauritius
84%
AsiaMaldives
80%
EuropeNetherlands
80%
AsiaUnited Arab Emirates
76%
AsiaCyprus
72%

Score Distribution

Percentile by Number Answered

Percent of People with Each Score

Your Score History

You have not taken this quiz since the last reset